L´art au XVIIme sieÌcle en France. (Record no. 6925)

MARC details
000 -CABECERA
campo de control de longitud fija 00853nam a2200253 a 4500
001 - NÚMERO DE CONTROL
campo de control BRCA_7244
005 - FECHA Y HORA DE LA ÚLTIMA TRANSACCIÓN
campo de control 20190320205751.0
008 - DATOS DE LONGITUD FIJA--INFORMACIÓN GENERAL
campo de control de longitud fija 240112s19461947fr-a######---#000-0#fre-#
041 ## - CÓDIGO DE LENGUA
Código de lengua del texto/banda sonora o título independiente fre
044 ## - CÓDIGO DEL PAÍS DE LA ENTIDAD EDITORA/PRODUCTORA
Código MARC del país fr
050 #4 - SIGNATURA TOPOGRÁFICA DE LA BIBLIOTECA DEL CONGRESO
Número de clasificación N6846
Número de documento/Ítem .M38
100 1# - ENTRADA PRINCIPAL--NOMBRE DE PERSONA
Nombre de persona Mauricheau-Beaupre, Charles
Fechas asociadas al nombre 1889-1953
9 (RLIN) 17950
245 10 - MENCIÓN DE TÍTULO
Título L´art au XVIIme sieÌcle en France.
Resto del título architecture, sculpture, peonture, arts appliques
Mención de responsabilidad, etc. Charles Mauricheau-Beaupre.
260 ## - PUBLICACIÓN, DISTRIBUCIÓN, ETC.
Lugar de publicación, distribución, etc. París
Nombre del editor, distribuidor, etc. Guy Le Prat
Fecha de publicación, distribución, etc. 1946-1947
300 ## - DESCRIPCIÓN FÍSICA
Extensión 2 v.
Otras características físicas il.
Dimensiones 28 cm.
440 #0 - MENCIÓN DE SERIE/PUNTO DE ACCESO ADICIONAL--TÍTULO
Título Nouvelle encyclopedie illustree de l´art francais
9 (RLIN) 17951
500 ## - NOTA GENERAL
Nota general P151
501 ## - NOTA DE "CON"
Nota de “Con” Contenido: v.1 Premiere periode 1594-1661.-- v.2 Deuxieme periode 1661-1715.
650 14 - PUNTO DE ACCESO ADICIONAL DE MATERIA--TÉRMINO DE MATERIA
Término de materia o nombre geográfico como elemento de entrada Arte
Subdivisión geográfica Francia
9 (RLIN) 17350
650 14 - PUNTO DE ACCESO ADICIONAL DE MATERIA--TÉRMINO DE MATERIA
Término de materia o nombre geográfico como elemento de entrada Arte
Subdivisión general Historia
9 (RLIN) 17952
650 14 - PUNTO DE ACCESO ADICIONAL DE MATERIA--TÉRMINO DE MATERIA
Término de materia o nombre geográfico como elemento de entrada Arte aplicadas
Subdivisión geográfica Francia
9 (RLIN) 17953
902 ## - CATALOGADOR
Iniciales GFM
942 ## - ELEMENTOS DE PUNTO DE ACCESO ADICIONAL (KOHA)
Fuente del sistema de clasificación o colocación Library of Congress Classification
Tipo de ítem Koha Libros
Holdings
Estado de retiro Estado de pérdida Estado dañado No para préstamo Localización permanente Ubicación/localización actual Fecha de adquisición Número de inventario Total de préstamos Signatura topográfica completa Código de barras Fecha visto por última vez Precio válido a partir de Tipo de ítem Koha
El ejemplar forma parte de la colección y puede ser consultado según las políticas vigentes.       Biblioteca del Museo Franz Mayer (Rogerio Casas-Alatriste) Biblioteca del Museo Franz Mayer (Rogerio Casas-Alatriste) 24/01/2012 P151   N6846 .M38 (P151) 7702 22/03/2019 22/03/2019 Libros